000 00662cam a2200193 4500
001 J109785
008 000000n2000 000 0 eng u
035 _a(Sirsi) u109785
050 _a690.241
110 _aRoyal Institution of Chartered Surveyors
_94900
245 4 _aThe RICS awards gallery : a celebration of the built and natural environment.
260 _aLondon
_bRICS
_c2000
300 _a6p. ; ill. ; 30cm.
520 _aA supplement of pictures displaying the winners of 1999.
650 _aABOUT RICS-AWARDS
650 _aCONSERVATION
690 _aBUILT ENVIRONMENT-BUILDING MAINTENANCE AND REFURBISHMENT-BUILDING CONSERVATION
942 _n0
999 _c100981
_d100981